Trồng và khai thác hợp lý cây tràm trên đất phèn Đồng bằng sông Cửu Long: Tài liệu hướng dẫn kỹ thuật

Nội dung tài liệu này là kết quả đã nghiên cứu trong phạm vi chương trình trong 3 năm qua, kết quả phỏng vấn kinh nghiệm của nông dân ở các nơi có trồng tràm và thông tin từ hội thảo " Thông tin về cây tràm" tổ chức tại Long An vào th...

ver descrição completa

Na minha lista:
Detalhes bibliográficos
Formato: Livro
Idioma:Undetermined
Publicado em: [ Cần Thơ] [Trường ĐH Cần Thơ] 1998
Assuntos:
Tags: Adicionar Tag
Sem tags, seja o primeiro a adicionar uma tag!
Thư viện lưu trữ: Trung tâm Học liệu Trường Đại học Cần Thơ
LEADER 01083nam a2200193Ia 4500
001 CTU_122679
008 210402s9999 xx 000 0 und d
082 |a 634.9 
082 |b Tr455 
245 0 |a Trồng và khai thác hợp lý cây tràm trên đất phèn Đồng bằng sông Cửu Long: 
245 0 |b Tài liệu hướng dẫn kỹ thuật 
245 0 |c Trường Đại học Cần Thơ và Đại học Luân Đôn 
260 |a [ Cần Thơ] 
260 |b [Trường ĐH Cần Thơ] 
260 |c 1998 
520 |a Nội dung tài liệu này là kết quả đã nghiên cứu trong phạm vi chương trình trong 3 năm qua, kết quả phỏng vấn kinh nghiệm của nông dân ở các nơi có trồng tràm và thông tin từ hội thảo " Thông tin về cây tràm" tổ chức tại Long An vào tháng 2 năm 1996,... 
650 |a Forests and forestry,Melaleuca cajuputi 
904 |i M.Loan 
980 |a Trung tâm Học liệu Trường Đại học Cần Thơ